ბათუმის შოთა რუსთაველის სახელმწიფო უნივერსიტეტის ბიბლიოთეკა

მეფე და მებაღე / (ბიბ.ჩანაწერი № 57251)

000 -ლიდერი
ფიქსირებული სიგრძის საკონტროლო ველი 01225nam a22002417a 4500
003 - საკონტროლო ნომრის იდენტიფიკატორი
საკონტროლო ველი Ge_BSU
005 - ბოლო ოპერაციის თარიღი და დრო
საკონტროლო ველი 20200128163134.0
008 - ფიქსირებული სიგრძის მონაცემთა ელემენტები - ზოგადი ინფორმაცია
ფიქსირებული სიგრძის საკონტროლო ველი 200128s2018 ge ||||| |||| 00| 0 geo d
020 ## - წიგნის საერთაშორისო სტანდარტული ნომერი
International Standard Book Number 9789941463716
041 ## - ენის კოდი
Language code of text/sound track or separate title geo
080 ## - უნივერსალური ათობითი კლასიფიკაციის ინდექსი
Universal Decimal Classification number 725.17(44) ს-34
100 ## - მთავარი ჩანაწერი - პიროვნების სახელი
Personal name საყვარელიძე, ფრიდონ.
9 (RLIN) 6412
245 ## - ცნობა სათაურის შესახებ
Title მეფე და მებაღე /
Statement of responsibility, etc ფრიდონ საყვარელიძე ; დიზაინ : თეონა ჭანიშვილი .
264 ## - წარმოების, გამოცემის, დისტრიბუციის და სხვა ცნობები
გამოცემის, წარმოების, დისტრიბუციის... ადგილი თბილისი :
გამოცემის, წარმოების, დისტრიბუციის... სახელწოდება არტანუჯი,
გამოცემის, წარმოების, დისტრიბუციის... თარიღი 2018.
300 ## - ფიზიკური აღწერა
Extent 124 გვ. :
Other physical details ილ. ;
Dimensions 19 სმ.
500 ## - ზოგადი შენიშვნა
General note წიგნი გამოიცა საქართველოს ფრანგული ინსტიტუტის ხელშეწყობით
653 ## - INDEX TERM--UNCONTROLLED
Uncontrolled term ვერსალის ბაღები
653 ## - INDEX TERM--UNCONTROLLED
Uncontrolled term საფრანგეთის სახლ-მუზეუმები
653 ## - INDEX TERM--UNCONTROLLED
Uncontrolled term ვერსალის სასახლე
700 ## - ADDED ENTRY--PERSONAL NAME
Personal name ჭანიშვილი, თეონა
Relator term გარეკანის დიზაინერი
9 (RLIN) 6381
710 ## - ADDED ENTRY--CORPORATE NAME
Relator term ხელოვნება
9 (RLIN) 6454
942 ## - ADDED ENTRY ELEMENTS (KOHA)
Source of classification or shelving scheme
Koha item type წიგნი
ეგზემპლარები
ჩამოწერის სტატუსი დაკარგული ეგზემპლარის სტატუსი კლასიფიკაციის წყარო ან თაროზე გაწყობის სქემა დაზიანების სტატუსი არ გაიცემა მუდმივი მდებარეობა (დაცვის ადგილი) ამჟამინდელი ადგილსამყოფელი თაროზე განთავსების ადგილი შეძენის თარიღი ღირებულება, შესყიდვის ნორმალური ფასი სრული შენახვის შიფრი შტრიხკოდი ბოლო ოპერაციის თარიღი ეგზემპლარის მიმდევრობითი ნომერი (კეტერი?) ფასის ძალაში შესვლის თარიღი ეგზემპლარის სახეობა საჯარო შენიშვნა
          ბათუმის შოთა რუსთაველის სახელმწიფო უნივერსიტეტის მთავარი ბიბლიოთეკა ბათუმის შოთა რუსთაველის სახელმწიფო უნივერსიტეტის მთავარი ბიბლიოთეკა წიგნსაცავი 2020-01-28 7.00 725.17(44) ს-34 59566 2020-01-28 59566 2020-01-28 წიგნი 7.00